000 02768nkm0a2200517 4500
001 RU\NLR\BIBL_A\022743553
005 20260503004524.0
035 _a(NLR Aleph) 022743553
071 5 0 _a6397
_d40 коп.
_925000
090 _a89254
_c89254
100 _a20260304d1943 u y0rusy50 ca
101 0 _arus
102 _aRU
116 _aiiycxx bf ad
135 _acrcn 024anaba
181 0 _ab4
_bxb2e
182 0 _an
200 1 _aМы заставим немецких преступников держать ответ за все их злодеяния!
_e[плакат]
_fхудожник И. Тоидзе
_gредактор П. Пискунов
203 _aИзображение
_bнеподвижное
_bдвухмерное
_bвизуальное
_cнепосредственное
210 _aМосква
_aЛенинград
_cИскусство
_d1943
_eМосква
_gХромолитография изд-ва "Искусство"
215 _a1 л.
_cхромолитогр.
_d39,5х29,3
300 _aНа изобр. справа внизу факс. подписи художника: "Ираклий Тоидзе"
300 _aВ вып. дан.: Л22398; Зак. 2
301 _aИзд. номер: № 6397
325 _aКопия доступна в Электрон. б-ке РНБ
606 1 _aПлакат русский советский
_z1941 - 1945
_92387198
_3RU\NLR\AUTH\661423877
606 1 _aВеликая Отечественная война
_jПлакаты
_xЗверства немецко-фашистских захватчиков
_z1941 - 1945
_91336383
_3RU\NLR\AUTH\66241586
686 _aЩ153(2Р=Рус)7-466
700 1 _4040
_aТоидзе
_bИ. М.
_cхудожник
_f1902-1985
_gИраклий Моисеевич
_9138191
_3RU\NLR\AUTH\770138226
712 0 2 _4650
_a"Искусство", издательство
_cМосква
_9790084
_3RU\NLR\AUTH\8810147805
712 0 2 _4610
_a"Искусство", издательство
_bЛитография
_cМосква
_9874776
_3RU\NLR\AUTH\880602925
852 0 0 _aNLR
_bЭ
_jПлИр995/4-191
_mЭ036836
852 0 0 _aNLR
_bЭ
_jПлИр995/4-191
_mЭ036837
852 0 0 _aNLR
_bЭ
_jПлИр995/4-191
_mЭ036838
856 0 _uhttps://vivaldi.nlr.ru/la700001862/view
856 1 _uhttps://vivaldi.nlr.ru/la700001862/cover
856 2 _uhttps://vivaldi.nlr.ru/la700001862/text
942 _cVISUAL
945 _aРоссийская национальная библиотека
980 _aBV
980 _aNB
981 1 7 _a(17) Изографические материалы
_b(17) Плакаты